ARRUPE JESUIT UNIVERSITY

CORONAVIRUS -STOP THE SPREAD - CLEAN,DISINFECT,COVER

Media Training in Africa Web 2.0 (Record no. 121556)

MARC details
000 -LEADER
fixed length control field 00515nam a22001577a 4500
008 - FIXED-LENGTH DATA ELEMENTS--GENERAL INFORMATION
fixed length control field 150108b xxu||||| |||| 00| 0 eng d
020 ## - INTERNATIONAL STANDARD BOOK NUMBER
International Standard Book Number 9789966088307
050 ## - LIBRARY OF CONGRESS CALL NUMBER
Classification number P96.M4 S736
100 ## - MAIN ENTRY--PERSONAL NAME
Personal name Spadaro, Antonio
9 (RLIN) 13612
245 ## - TITLE STATEMENT
Title Media Training in Africa Web 2.0
Remainder of title relationships in the internet age
Statement of responsibility, etc Antonio Spadaro
260 ## - PUBLICATION, DISTRIBUTION, ETC. (IMPRINT)
Place of publication, distribution, etc Nairobi
Name of publisher, distributor, etc Paulines Publishing Africa
Date of publication, distribution, etc 2014
300 ## - PHYSICAL DESCRIPTION
Extent 96p. ;
Dimensions 21cm.
440 ## - SERIES STATEMENT/ADDED ENTRY--TITLE
Title Media training in Africa
9 (RLIN) 13613
650 ## - SUBJECT ADDED ENTRY--TOPICAL TERM
Topical term or geographic name as entry element Media
General subdivision training
9 (RLIN) 13614
942 ## - ADDED ENTRY ELEMENTS (KOHA)
Source of classification or shelving scheme Library of Congress Classification
Item type Monograph ( Printed materials)
Holdings
Withdrawn status Lost status Source of classification or shelving scheme Damaged status Not for loan Collection code Home library Current library Shelving location Date acquired Total Checkouts Full call number Barcode Date last seen Date last borrowed Price effective from Koha item type
    Library of Congress Classification     Main Collection ARRUPE LIBRARY ARRUPE LIBRARY Main Collection 08/01/2015 2 P96.M4 S736 46500003395 26/02/2019 17/10/2018 08/01/2015 Monograph ( Printed materials)

 

Arrupe Library. PO Box MP320 Mt Pleasant, Harare, Zimbabwe
263 242 745411|librarian@aju.ac.zw